The future of indian universities : (Record no. 157143)

MARC details
000 -LEADER
fixed length control field 00642nam a22001937a 4500
005 - DATE AND TIME OF LATEST TRANSACTION
control field 20180918113329.0
010 ## - LCCN (DPL NO)
LC control number ENG-123987
020 ## - INTERNATIONAL STANDARD BOOK NUMBER
International Standard Book Number 9780199480654
Terms of availability 1495.00
035 ## - SYSTEM CONTROL NUMBER
System control number EN-107519
037 ## - SOURCE OF ACQUISITION
Source of stock number/acquisition DBAD/PUB
082 ## - DEWEY DECIMAL CLASSIFICATION NUMBER
Classification number 378.54
245 ## - TITLE STATEMENT
Title The future of indian universities :
Statement of responsibility, etc ed. by C. Raj Kumar
Remainder of title comparative and international perspectives /
260 ## - PUBLICATION, DISTRIBUTION, ETC. (IMPRINT)
Place of publication, distribution, etc New Delhi
Name of publisher, distributor, etc Oxford University Press
Date of publication, distribution, etc 2017
270 ## - ADDRESS
City New Delhi
Postal code 110002
Address 2/11 Ground Floor, Ansari Road, Daryaganj,
300 ## - PHYSICAL DESCRIPTION
Extent xxxiv,482p
Dimensions 22cm.(Hb.)
500 ## - GENERAL NOTE
General note It includes index
700 ## - ADDED ENTRY--PERSONAL NAME
Personal name Raj Kumar, C.
942 ## - ADDED ENTRY ELEMENTS (KOHA)
Source of classification or shelving scheme Dewey Decimal Classification
Item type English Books
Classification part 378.54
Call number suffix FUR
Holdings
Withdrawn status Lost status Not for loan Collection code Home library Current library Date acquired Source of acquisition Cost, normal purchase price Full call number Barcode Copy number Cost, replacement price Koha item type
    Not For Loan Non-fiction D.B.Act.Division Patel Nagar 07/09/2018 DBAD/PUB 1495.00 378.54 FUR EN-170519 1 1495.00 English Books

© Delhi Public Library
Hit Counter
free hit counter